| 000 | 00319nam a2200109Ia 4500 | ||
|---|---|---|---|
| 008 | 190914s9999||||xx |||||||||||||| ||und|| | ||
| 100 | _aDonald, Chellis | ||
| 245 | 0 | _aMCSA/MCSE Windows Server 2003 Environment Management and Maintenance Study Guide | |
| 260 |
_aNew York _bViva Books _c208 |
||
| 300 | _a1998 | ||
| 942 | _cBK | ||
| 999 |
_c8890 _d8890 |
||